EPIC: The Musical - Lyrics Sort #38 - Odysseus - Statistics

General Stats
  • This quiz has been taken 118 times
  • The average score is 36 of 68
Answer Stats
Hint Answer % Correct
Line 1 For 20 years, I've suffered every punishment and pain
100%
Line 2 From the wrath of gods and monsters to the screams of comrades slain
98%
Line 3 I come back and find my palace desecrated, sacked like Troy
98%
Line 4 Worst of all, I hear you dare to touch my wife and hurt my boy
98%
Line 5 I have had enough
94%
Line 6 Odysseus, Odysseus [1]
83%
Line 8 In the heat of battle, at the edge of the unknown
65%
Line 11 No, you don't understand it, this man plans for every fight
65%
Line 9 Somewhere in the shadows lurks an agile deadly foe
65%
Line 10 We have the advantage, we've the numbers and the might
65%
Line 12 Odysseus, Odysseus [2]
58%
Line 20 We know these halls, the odds can be tilted
58%
Line 18 We're empty-handed up against an archer
58%
Line 14 Where is he? Where is he? [1]
58%
Line 21 You don't think I know my own palace? I built it
58%
Line 16 Our weapons, they're missin'
56%
Line 15 Keep your heads down, he's aimin' for the torches
54%
Line 19 Our only chance is to strike him in the darkness
54%
Line 17 He's usin' the darkness to hide his approaches
52%
Line 29 Let's have open arms instead (no)
52%
Line 36 Let's make the bastard rot (behind you)
52%
Line 26 Now the rest of us are no longer a threat
52%
Line 27 Old King, forgive us instead
52%
Line 35 So what? Now that we have armed ourselves
52%
Line 37 Throw down those weapons, and I ensure you'll be spared
52%
Line 32 Damn, he's more cunnin' than I assumed
50%
Line 40 Huh, your very presence has doomed the king, young prince
50%
Line 34 I find it hard to believe that the sharpest of kings left his armory unlocked
50%
Line 13 Odysseus, Odysseus [3]
50%
Line 24 Old King, our leader is dead
50%
Line 28 So that no more blood is shed
50%
Line 33 While we were busy plottin', he his our weapons inside this room
50%
Line 25 You've destroyed the serpent's head
50%
Line 38 After seein' what the king will do to us, we wouldn't dare
48%
Line 44 Brothers, come and arm yourselves, there's a chance for us to win
48%
Line 42 Brothers, we got company, and he's made a grave mistake
48%
Line 39 I don't wanna hurt you, but trust me, I've come prepared
48%
Line 43 Left the weapons room unlocked, and now they're ours to take
48%
Line 22 Odysseus, Odysseus [4]
48%
Line 23 Odysseus, Odysseus [5]
48%
Line 45 We can still defeat the king if we all attack the prince
48%
Line 41 We don't fight fair (stop)
48%
Line 54 Got him
46%
Line 50 Hold him down, hold him down [1]
46%
Line 30 Odysseus, Odysseus [6]
46%
Line 59 And as long as you're around
44%
Line 53 Cause if he won't, I'll break the kid's hands
44%
Line 49 Fight til the prince can barely stand
44%
Line 52 Hold him down, hold him down [2]
44%
Line 58 It died to bring me home
44%
Line 55 Me-mer-
44%
Line 56 Mercy? Mercy?
44%
Line 60 My family's fate is left unknown
44%
Line 57 My mercy has long since drowned
44%
Line 31 Odysseus, Odysseus [7]
44%
Line 62 You planned to rape my wife
44%
Line 61 You plotted to kill my son
44%
Line 63 All of you are goin' to die (Odysseus)
42%
Line 47 Capture him, he's our greatest chance
42%
Line 48 Get off me, get off me
42%
Line 7 Odysseus, Ody-
42%
Line 66 This will be your fate!
42%
Line 46 Where is he? Where is he? [2]
42%
Line 65 All of you, who have done me wrong
40%
Line 51 Make the king obey our command
38%
Line 64 You've filled my heart with hate
37%
Line 67 Odysseus (ah, no-no, ah)
33%
Line 68 Odysseus (oh, oh)
33%
No matching quizzes found
Score Distribution
Percent of People with Each Score
Percentile by Number Answered
Your Score History
You have not taken this quiz